000 00527nam a2200169 i 4500
001 86056
003 ES-MaACL
005 20230906175351.0
007 t|
008 041207s1959 sp ||||1| spa d
100 1 _aKephart, Newell C.
_967876
245 1 3 _aLa entrevista y el examen de selección /
_cNewell C. Kephart ; [traducción de Mercdes Valcárcel].
260 _aMadrid :
_bRialp,
_c1959 (
_fNebrija)
300 _a327 p. ;
_c24 cm.
700 1 _aValcárcel, Mercedes.
_9112471
852 _aES-MaACL
_jC-16928
_bR.45111
999 _c86056
_d86056